00340nam a2200109Ia 45000010005000000080041000050200022000460820020000681000019000882450064001072600059001712253241024s9999 xx 000 0 und d a978-9945-404-19-7 aRD/863.008/J79l aLuis R. Santos 0aJonrón 600. Primer concurso de cuentos sobre el béisbol bEdiciones de la Secrtaría de Estado de Culturac2008